Statistics for Da Fruits

Click here to take the quiz!

General Stats

  • This quiz has been taken 6 times
  • The average score is 24 of 37

Answer Stats

colourfruit% Correct
redapple
100%
purple/blackblackberry
100%
blueblueberry
100%
purple/red/greengrape
100%
yellowlemon
100%
greenlime
100%
orangeorange
100%
pinkraspberry
100%
redstrawberry
100%
green/redwatermelon
100%
yellowbanana
75%
redcherry
75%
brown/whitecoconut
75%
black/purpledate
75%
brown/greenkiwi
75%
orange/green/redmango
75%
green/orangepapaya
75%
purple/brown/orangepassionfruit
75%
green/yellowpineapple
75%
redpomegranate
75%
orangeapricot
50%
greenavocado
50%
redcranberry
50%
brownfig
50%
orange/pinkgrapefruit
50%
greenguava
50%
pinkpeach
50%
greenpear
50%
purpleplum
50%
orangetangerine
50%
purple/blackblackcurrant
25%
green/pinkcanteloupe
25%
orangeclementine
25%
grey/yellowhoneydew melon
25%
purple/blackprune
25%
red/greenrhubarb
25%
orangesatsuma
25%

Score Distribution

Percentile by Number Answered

Percent of People with Each Score

Your Score History

You have not taken this quiz